| 000 | 00509nam a22002057a 4500 | ||
|---|---|---|---|
| 001 | 22222 | ||
| 005 | 20260413115930.0 | ||
| 008 | 260413b |||||||| |||| 00| 0 spa d | ||
| 041 | _aESP | ||
| 082 |
_a621.317 _bM564 |
||
| 100 | _aMohan, Ned | ||
| 245 |
_aElectrónica de potencia : _bconvertidores, aplicaciones y diseño |
||
| 260 |
_a : _b , _c2009 |
||
| 300 |
_axviii, 701 páginas; _b ; _c27 cm. |
||
| 440 | _a ; | ||
| 650 | _aTCA | ||
| 654 | _aCET | ||
| 700 | _a; | ||
| 942 |
_cLIB _dJUS _fJUS _n0 _2ddc |
||
| 999 |
_c22222 _d22222 |
||